Los diálogos del cuerpo : El enfoque holístico de la enfermedad /

¿Cómo transmitir un modo de aproximarnos a la persona que sufre? ¿Cómo hacer comprender algo tan vasto, tan inasible, algo que implica un modo de ver y un modo de ser?. Tremendo desafío. Lao Tse decía: El Tao que se puede describir no es el verdadero Tao. Sin embargo, en tanto de lo que se trata es...

Descripción completa

Detalles Bibliográficos
Autor principal: Schnake, Adriana
Formato: Libro
Lenguaje:español
Publicado: Santiago, Chile Cuatro Vientos 2007
Edición:9a. ed.
Materias:
Acceso en línea:

MARC

LEADER 00000cam a2200000 a 4500
001 018421
003 UAHC_CL
005 20170803121626.0
008 070831s2007 cl 000 spa
020 |a 9562420264 
040 |a UAHC_CL  |c UAHC_CL  |d UAHC_CL 
100 1 |a Schnake, Adriana 
245 1 4 |a Los diálogos del cuerpo :  |b El enfoque holístico de la enfermedad /  |c Adriana Schnake. 
250 |a 9a. ed. 
260 |b Cuatro Vientos  |a Santiago, Chile  |c 2007 
300 |a 207 p. 
520 |a ¿Cómo transmitir un modo de aproximarnos a la persona que sufre? ¿Cómo hacer comprender algo tan vasto, tan inasible, algo que implica un modo de ver y un modo de ser?. Tremendo desafío. Lao Tse decía: El Tao que se puede describir no es el verdadero Tao. Sin embargo, en tanto de lo que se trata es de ver al ser humano en su totalidad, Nana se aventura a mostrarlo mostrándonos su propia totalidad. 
521 |a Técnicas psicoartísticas con niños y adolescentes 
650 4 |a TERAPIA DE GESTALT 
650 4 |a TRASTORNOS PSICOFISIOLOGICOS  |x TERAPIA 
650 4 |a PSICOTERAPIA 
653 |a PSICOLOGIA 
658 |a Avatte, Paola 
900 |a 616.891 SCH 
942 |c BK 
952 |0 0  |1 0  |4 0  |6 616_891000000000000_SCH  |7 0  |8 General  |9 36896  |a BC  |b BC  |c General  |d 2017-08-03  |l 0  |o 616.891 SCH  |p 1359892  |r 2026-01-13 00:00:00  |t 1  |w 2017-08-03  |y BK 
952 |0 0  |1 0  |4 0  |6 616_891000000000000_SCH  |7 0  |8 General  |9 36897  |a BC  |b BC  |c General  |d 2017-08-03  |l 1  |o 616.891 SCH  |p 1359893  |q 2018-10-18  |r 2018-10-16 00:00:00  |s 2018-10-16  |t 2  |w 2017-08-03  |y BK 
952 |0 0  |1 0  |4 0  |6 616_891000000000000_SCH  |7 0  |8 General  |9 36898  |a BC  |b BC  |c General  |d 2017-08-03  |l 0  |o 616.891 SCH  |p 1359894  |r 2026-01-13 00:00:00  |t 3  |w 2017-08-03  |y BK 
952 |0 0  |1 0  |4 0  |6 616_891000000000000_SCH  |7 0  |8 General  |9 36899  |a BC  |b BC  |c General  |d 2017-08-03  |l 0  |o 616.891 SCH  |p 1359895  |r 2017-08-03 00:00:00  |t 4  |w 2017-08-03  |y BK 
999 |c 18421  |d 18421